| 000 | 00496nam a2200169Ia 4500 | ||
|---|---|---|---|
| 005 | 20250508151249.0 | ||
| 008 | 008 250505s9999 xx 000 0 eng d | ||
| 037 | _aTextual | ||
| 040 |
_aFEDL _beng _cFEDL |
||
| 041 |
_aeng _2eng |
||
| 084 |
_a506, IND _qFEDL |
||
| 245 | 0 | _aProceedings of the fortieth session Lucknow, 1953, Part 1and 4 | |
| 245 | 0 | _cIndian Science Congrees Association (Delhi India) | |
| 260 | _c1953 | ||
| 942 |
_cTEXL _h506, IND |
||
| 999 |
_c1328729 _d1328729 |
||